Statistics for Bölgelere Göre En Gelişmemiş İller

Click here to take the quiz!

General Stats

  • This quiz has been taken 432 times
  • The average score is 3 of 7

Answer Stats

BölgeCevap% Correct
Güneydoğu AnadoluŞırnak
59%
KaradenizBayburt
54%
MarmaraBalıkesir
43%
İç AnadoluYozgat
34%
Doğu AnadoluAğrı
30%
EgeAfyonkarahisar
21%
AkdenizKahramanmaraş
14%

Score Distribution

Percentile by Number Answered

Percent of People with Each Score

Your Score History

You have not taken this quiz